00486nam a2200169 a 450000100060000000300090000600800410001502000150005604000280007108200240009910000180012324500120014126000560015330000100020949000740021965000230029318252CO-ViMGA141112s2004 ck r 000 u spa d a9587000870 aCO-ViMGAbspacCO-ViMGA04aMEVIGAPOR.692 D124o1 aDackar, Henry10aOutlook aBogotá, cProducciones Henry Dackar, cLtda. 2001 a93 p. aCursos Autoasistidos de Computacion, Serie Gestion Basica Office 200014aOUTLOOK - MANUALES